Empleo juvenil: del diagnóstico a la acción /
Uloženo v:
| Hlavní autor: | |
|---|---|
| Médium: | Text |
| Tagy: |
Přidat tag
Žádné tagy, Buďte první, kdo vytvoří štítek k tomuto záznamu!
|
MARC
| LEADER | 00000 a a2200000 04500 | ||
|---|---|---|---|
| 001 | 45828 | ||
| 003 | |||
| 040 | |||
| 100 | |a Pessoa, Xiomara | ||
| 245 | |a Empleo juvenil: |b del diagnóstico a la acción / |c Xiomara Pessoa | ||
| 590 | |a DISEMINAR012014 | ||
| 773 | |g páginas 67-83 : fotos | ||
| 999 | |c 34327 |d 34327 | ||
